|
|
|
|
| LEADER |
00000nam0a2200000 4500 |
| 001 |
266749 |
| 005 |
20231101234028.0 |
| 020 |
|
|
|a RU
|b 87-8113
|
| 035 |
|
|
|a (RuTPU)RU\TPU\book\289769
|
| 090 |
|
|
|a 266749
|
| 100 |
|
|
|a 20140715d1987 k y0rusy5003 ca
|
| 101 |
0 |
|
|a rus
|
| 102 |
|
|
|a RU
|
| 105 |
|
|
|a a z 001zy
|
| 200 |
1 |
|
|a Развертываемые зеркальные антенны зонтичного типа
|f М. В. Гряник, В. И. Ломан
|
| 210 |
|
|
|a Москва
|c Радио и связь
|d 1987
|
| 215 |
|
|
|a 72 с.
|c ил.
|
| 320 |
|
|
|a Библиогр.: с. 69-72
|
| 606 |
1 |
|
|a Антенны
|2 stltpush
|3 (RuTPU)RU\TPU\subj\29134
|9 52531
|
| 610 |
1 |
|
|a классификация
|
| 610 |
1 |
|
|a конструирование
|
| 610 |
1 |
|
|a эффективность
|
| 610 |
1 |
|
|a повышение
|
| 610 |
1 |
|
|a излучение
|
| 610 |
1 |
|
|a расчет
|
| 610 |
1 |
|
|a осенесимметричные антенны
|
| 675 |
|
|
|a 621.396.67
|v 3
|
| 700 |
|
1 |
|a Гряник
|b М. В.
|g Михаил Васильевич
|
| 701 |
|
1 |
|a Ломан
|b В. И.
|g Владимир Иванович
|
| 801 |
|
0 |
|a RU
|b RuMRKP
|c 19950417
|g psbo
|
| 801 |
|
1 |
|a RU
|b 63413507
|c 20140715
|
| 801 |
|
2 |
|a RU
|b 63413507
|c 20170217
|g RCR
|
| 942 |
|
|
|c BK
|